000 01753cam a22005054i 4500
003 PE-LiUPU
005 20250731165643.0
008 150616s r 000 0 d
035 _a(Sirsi) a7208
035 _a(Sirsi) a7208
040 _aPE-LiUPU
_bspa
_cPE-LiUPU
_erda
049 _aPRUA
082 0 4 _a224.1077
_bY78
_221
100 1 _aYoung, Edward J.,
_eautor.
245 1 4 _aThe Book of Isaiah.
_n3 /
_cEdward J. Young.
264 1 _aGrand Rapids, Michigan :
_bWilliam B. Eerdmans Publishing Co.,
_c1993.
300 _a579 páginas ;
_c21 cm.
336 _atext
_2rdacontent
337 _aunmediated
_2rdamedia
338 _avolume
_2rdacarrier
504 _aBibliografía: páginas 553-560.
505 0 _aComentarios sobre el libro de Isaías 40 - 66 Isaías.
526 _aSEG44
526 _aSEG26
526 _aP151
526 _aP150
526 _aP149
526 _aP146
526 _aP145
526 _aP126
526 _aP125
526 _aP92
526 _aP75
526 _aP74
526 _aP27
526 _aP15
630 _aBiblia.
_pA.T.
_pIsaías 40-66
_xComentarios.
910 _ajck
_bjvq
_cjck
942 _2ddc
_cBOOK
949 _aRC 224.1077 Y78 3
_wDEWEY
_c1
_i40637
_lRC
_mBUL
_r0
_sY
_tBOOK
_u2015-6-16
_xTEOLOGIA
_zUNKNOWN
_0COMPRA
_o.CIRCNOTE. No olvidar cambiar la fecha de devolución!!!!!!!
_o.STAFF. Colección General
994 _aC0
_bPEPRU
596 _a1
999 _aRC 224.1077 Y78 3
_wDEWEY
_c58426
_i40637
_d58426
_e2016-7-21
_f2021-11-8
_g5
_lCCODEBUL1
_mBUL
_n1
_q3
_r1
_sY
_tBOOK
_u2015-6-16
_xTEOLOGIA
_zUNKNOWN
_0COMPRA
_o.CIRCNOTE. No olvidar cambiar la fecha de devolución!!!!!!!
_o.STAFF. Colección General
980 _81
_gALBERTO SANCHEZ Responsable de Automatización